000 00559nam a2200169Ia 4500
008 090201s9999 xx 000 0 und d
010 _aKPL-62763
040 _bमराठी
041 _aमराठी
082 _a18164
_b62763
100 _aपद्माकर जोशी / फॉलेट केन
245 _aट्रिपल
_cपद्माकर जोशी / फॉलेट केन
260 _c2004
_bपुष्प प्रकाशन
300 _a280
_bमोठा
600 _aट्रिपल
942 _cBOOK
999 _c218080
_d218080